Normal view MARC view
  • Kh. Muhammad Mashood, Mohammad Awais Zaheer, Muhammad Rameez

Entry Personal Name

Number of records used in: 3

001 - CONTROL NUMBER

  • control field: 4182

003 - CONTROL NUMBER IDENTIFIER

  • control field: NUST

005 - DATE AND TIME OF LATEST TRANSACTION

  • control field: 20170824133210.0

008 - FIXED-LENGTH DATA ELEMENTS

  • fixed length control field: 170824|| aca||aabn | a|a d

040 ## - CATALOGING SOURCE

  • Original cataloging agency: NUST
  • Transcribing agency: NUST

100 ## - HEADING--PERSONAL NAME

  • Personal name: Kh. Muhammad Mashood, Mohammad Awais Zaheer, Muhammad Rameez

670 ## - SOURCE DATA FOUND

  • Source citation: Work cat.: (NUST): Kh. Muhammad Mashood, Mohammad Awais Zaheer, Muhammad Rameez, Electronic load controller for hydropower systems, 2017
© 2023 Central Library, National University of Sciences and Technology. All Rights Reserved.